"Роснефть" расширяет географию и сферы своей деятельности; Нефтяное хозяйство; № 5

Dettagli Bibliografici
Parent link:Нефтяное хозяйство: научно-технический производственный журнал.— , 1925-1940, 1946-.— 0028-2448
№ 5.— 2003.— С. 6-10
Altri autori: Кузнецов А. М. Алексей Михайлович
Lingua:russo
Pubblicazione: 2003
Serie:Нефтегазовые компании
Soggetti:
Natura: MixedMaterials Capitolo di libro
KOHA link:https://koha.lib.tpu.ru/cgi-bin/koha/opac-detail.pl?biblionumber=386561

MARC

LEADER 00000naa2a2200000 4500
001 386561
005 20231101063507.0
035 |a (RuTPU)RU\TPU\prd\15467 
090 |a 386561 
100 |a 20030624a2003 k y0rusy50 ca 
101 0 |a rus 
102 |a RU 
200 1 |a "Роснефть" расширяет географию и сферы своей деятельности  |f [Беседа с] А. М. Кузнецов 
225 1 |a Нефтегазовые компании 
461 1 |0 (RuTPU)RU\TPU\prd\1638  |x 0028-2448  |t Нефтяное хозяйство  |o научно-технический производственный журнал  |d 1925-1940, 1946- 
463 1 |0 (RuTPU)RU\TPU\prd\15379  |t № 5  |v С. 6-10  |d 2003 
610 1 |a нефтяные компании 
610 1 |a Роснефть 
610 1 |a сферы деятельности 
610 1 |a география 
702 1 |a Кузнецов  |b А. М.  |g Алексей Михайлович  |4 460 
801 1 |a RU  |b 63413507  |c 20030624  |g PSBO 
801 2 |a RU  |b 63413507  |c 20131025  |g RCR 
942 |c BK